00670cam a22002173a 45000010005000000030006000050050017000110080041000280400015000690420007000840500007000911000040000982450079001382600029002175060030002465160020002766530044002966530043003408300028003838560041004119495PGUSA20140828083212.0051201s2005||||xxu|||||s|||||000 1 eng d aPGUSAbeng adc 4aPT1 aMeyer, Conrad Ferdinand,d1825-189810aDie Hochzeit des Mönchsh[electronic resource] /cConrad Ferdinand Meyer bProject Gutenberg,c2005 aPublic domain in the USA. aElectronic text aItaly -- History -- 476-1492 -- Fiction aAlighieri, Dante, 1265-1321 -- Fiction 0aProject Gutenbergv949540uhttp://www.gutenberg.org/ebooks/9495